1425 1255 1608 1107 1795 1273 1335 1619 1783 1841 1232 1596 1148 1856 1365 1451 1096 1171 1002 1057 1547 1237 1034 1611 1859 1070 1928 1382 1701 1584 1272 1857 1742 1074 1306 1542 1461 1736 1636 1313 1799 1586 1050 1801 1205 1817 1420 1848 1702 1907 1052 1861 1227 1009 1943 1358 1708 1466 1913 1508 1652 1597 1999 1234 1366 1708 1588 1932 1164 1679 1265 1848 1982 1731 1582 1011 1564 1306 1052 1263 1680 1837 1540 1083 1711 1812 1800 1949 1975 1676 1918 1790 1295 1044 1636 1767 1279 1584 1371 BCNSPRNW ULIB Ver.6.0+V

เปลี่ยนเป็นภาษาไทย

Change to English
 แสดงรายละเอียดบรรณานุกรม
  กลับหน้าหลัก

Brief Record : Get Marc (ISO 2709) : E-mail record : QR code < ปิดหน้าต่าง
LEADER : 00000nam 2200000uu 4500
001    13399128025
003     ULIB
008    211223s2559||||th 000 0 tha d
020 ^- ^a9786160618675 (ชุด)
050 ^- ^aนว.^bซ696อ^cล.1
100 1^ ^aซู, โม่.
245 10 ^aอวลกลิ่นละอองรัก ล.1 /ซูโม่ เขียน ; อวี้ แปล.
250 ^- ^aพิมพ์ครั้งที่ 1.
260 ^- ^aกรุงเทพฯ :แจ่มใส,2559
300 ^- ^a2 เล่ม.
490 1^ ^aมากกว่ารัก
500 ^- ^aแปลจาก: Chen xiang ru xie.
653 ^- ^aจีนศึกษา
700 0^ ^aอวี้.
945    ^p619^l0^i008623
999    ^aประนอม เกษจรัล
รายการนี้ยังไม่มีแท็ก
คุณยังไม่ได้ล็อกอิน คุณสามารถมีกิจกรรมร่วมกับเว็บไซต์ได้ แต่ต้องล็อกอินก่อน ::
  ล็อกอิน

รายการสื่อสารสนเทศ

ลำดับที่ ประเภท เลขเรียก/บาร์โค้ด สถานที่ สถานะ
1. นวนิยาย
นวนิยาย
นว. ซ696อ ล.1 ฉ.1 
  Barcode: 008623
ห้องสมุดวิทยาเขตสวรรค์ประชารักษ์
►หนังสือทั่วไป
บนชั้น

รายการใกล้เคียง
    ผู้แต่ง [ซู, โม่.]

BibComment


ยังไม่เคยถูกคอมเมนท์

คอมเมนท์ทรัพยากรรายการนี้
  คอมเมนท์: อวลกลิ่นละอองรัก..


 Copyright 2026. Bcnsprnw @Library